| 000 | 01244cam a2200337 a 4500 | ||
|---|---|---|---|
| 999 |
_c796 _d796 |
||
| 001 | 12954370 | ||
| 003 | GZU | ||
| 005 | 20210511115351.0 | ||
| 008 | 020319s2001 bs ab b 001 0 eng d | ||
| 010 | _a 2002487251 | ||
| 020 | _a9171064753 | ||
| 035 | _a(OCoLC)ocm49342270 | ||
| 040 |
_aNYP _cOHX _dDLC |
||
| 042 | _alccopycat | ||
| 043 | _af-bs--- | ||
| 050 | 0 | 0 |
_aDT2458.S26 _bS27 2001 |
| 100 | 1 | _aSaugestad, Sidsel. | |
| 245 | 1 | 4 |
_aThe inconvenient indigenous : _bremote area development in Botswana, donor assistance and the first people of the Kalahari / _cSidsel Saugestad. |
| 260 |
_a[Uppsala] : _bNordic Africa Institute, _c2001. |
||
| 300 |
_a266 p. : _bill. (some col.), maps ; _c25 cm. |
||
| 504 | _aIncludes bibliographical references (p. 250-261) and index. | ||
| 610 | 2 | 0 | _aRemote Area Development Programme (Botswana) |
| 650 | 0 |
_aSan (African people) _zBotswana _xGovernment relations. |
|
| 650 | 0 |
_aIndigenous peoples _zBotswana. |
|
| 650 | 0 |
_aRural development _zBotswana. |
|
| 651 | 0 |
_aBotswana _xPolitics and government _y1966- |
|
| 651 | 0 |
_aBotswana _xEthnic relations. |
|
| 906 |
_a7 _bcbc _ccopycat _d3 _encip _f20 _gy-gencatlg |
||
| 942 |
_2lcc _cBK _h2458 _iSAU _kDT |
||